Jambi Kabupaten - Map Quiz - Statistics

General Stats
  • This quiz has been taken 189 times
  • The average score is 7 of 11
Answers on the Map
Answers color-coded by a green-red scale on the quiz's map according to % correct below.
 
Answer Stats
Answer % Correct
Jambi
76%
Muaro Jambi
67%
Tanjung Jabung Timur
66%
Tanjung Jabung Barat
64%
Bungo
59%
Kerinci
58%
Sungai Penuh
57%
Sarolangun
55%
Tebo
50%
Batang Hari
49%
Merangin
49%
No matching quizzes found
Score Distribution
Percent of People with Each Score
Percentile by Number Answered
Your Score History
You have not taken this quiz